000 00295nam a22001457a 4500
020 _a0013
041 _aENG
100 _aOzarkar .s.V
245 _aEngineering drawing
260 _aPune
_bmabarashtra Pub
_c1993
300 _a329
650 _aFMP
700 _aUtturkar .R.R
856 _uFMP
999 _c427
_d427